[Event "ROM-chT"]
[Site "Sovata"]
[Date "1999.04.20"]
[Round "5"]
[White "Nisipeanu, Liviu Dieter"]
[Black "Nevednichy, Vladislav"]
[Result "1/2-1/2"]
[WhiteElo "2594"]
[BlackElo "2505"]

1.d4 Nf6 2.Nf3 g6 3.c4 Bg7 4.Nc3 O-O 5.e4 d6 6.Be2 e5 7.d5 a5 8.h3 Na6 9.Bg5 Qe8
10.g4 Nd7 11.a3 Nb6 12.Nd2 Bd7 13.h4 Na4 14.Nb5 N4c5 15.h5 f5 16.gxf5  1/2-1/2

[Event "Kastav"]
[Site "Kastav"]
[Date "1999.04.24"]
[Round "1"]
[White "Tratar, Marko"]
[Black "Ljubicic, Filip"]
[Result "1-0"]
[WhiteElo "2450"]
[BlackElo "2396"]

1.Nf3 Nf6 2.c4 g6 3.Nc3 Bg7 4.e4 d6 5.d4 O-O 6.Be2 e5 7.O-O Na6 8.Be3 Bg4
9.d5 Nd7 10.Ne1 Bxe2 11.Qxe2 f5 12.f3 Qh4 13.Nd3 Bh6 14.Bf2 Qg5 15.Rad1 Rf7
16.b4 b6 17.a3 Raf8 18.Kh1 Nf6 19.c5 Nb8 20.c6 Qh5 21.exf5 gxf5 22.Be3 Rg7
23.Bxh6 Qxh6 24.Nf2 Kh8 25.Nh3 Rfg8 26.Rg1 Qh4 27.Qd3 Qh5 28.Rdf1 Rg6 29.f4 e4
30.Qd4 Rh6 31.Nd1 Rg7 32.Ne3 Ng4 33.Qd2 Kg8 34.Rd1 Kh8 35.Qe1 Nf6 36.b5 a6
37.a4 a5 38.Rd2 Ng4 39.Qg3 Nf6 40.Qe1 Ng4  1-0

[Event "Kastav"]
[Site "Kastav"]
[Date "1999.04.25"]
[Round "2"]
[White "Jovanic, Ognjen"]
[Black "Tratar, Marko"]
[Result "1-0"]
[WhiteElo "2269"]
[BlackElo "2450"]

1.d4 Nf6 2.c4 g6 3.Nc3 Bg7 4.e4 d6 5.Nf3 O-O 6.Be2 e5 7.O-O Na6 8.d5 Nc5
9.Qc2 a5 10.Bg5 Bd7 11.Nd2 Qb8 12.b3 c6 13.a3 cxd5 14.cxd5 Rc8 15.Qb2 h6
16.Bh4 Ne8 17.Rfc1 Bf6 18.Bxf6 Nxf6 19.b4 axb4 20.axb4 Na6 21.Ra5 Qc7 22.Nc4 b5
23.Rca1 bxc4 24.Rxa6 Rxa6 25.Rxa6 Rb8 26.Qa3 Bb5 27.Ra8 Rxa8 28.Qxa8+ Be8
29.Qa6 Nxe4 30.Nxe4 c3 31.Qa1 c2 32.Nc3 Ba4 33.Qb2 Bb3 34.Bd3  1-0

[Event "Dubai op"]
[Site "Dubai"]
[Date "1999.05.03"]
[Round "3"]
[White "Othman, Rabeea"]
[Black "El Arousy, Abdul Hameed"]
[Result "0-1"]
[WhiteElo "2087"]
[BlackElo "2335"]

1.d4 Nf6 2.c4 g6 3.Nc3 Bg7 4.e4 d6 5.Nf3 O-O 6.Be2 e5 7.dxe5 dxe5 8.Qxd8 Rxd8
9.Bg5 Re8 10.O-O-O Na6 11.h3 Nc5 12.Bd3 c6 13.Bc2 a5 14.Rd6 Be6 15.Rhd1 Nfd7
16.b3 Bf8 17.R6d2 Rec8 18.Be3 f6 19.Kb2 Rc7 20.Ne1 a4 21.Nd3 Nxd3+ 22.Rxd3 axb3
23.axb3 Ba3+ 24.Kb1 Kf7 25.f4 exf4 26.Bxf4 Ne5 27.Rd8 Rcc8 28.Rxc8 Rxc8 29.Ne2 Re8
30.Bxe5 fxe5 31.Ng1 Bc8 32.Nf3 h6 33.Bd3 Bc5 34.Be2 Kf6 35.Kc2 Bb4 36.Nh2 Kg5
37.Rf1 Kh4 38.Rf3 Rd8 39.Nf1 Rf8 40.Kd1 Be6 41.Rd3 Ra8 42.Nh2 Ra1+ 43.Kc2 Ra2+
44.Kd1 Kg5 45.Bf3 Bxh3 46.gxh3 Rxh2 47.Bg4 Kf4 48.Rd7 h5 49.Be6 Ke3 50.Rxb7 Bc5
51.b4 Kd3 52.Kc1 Bd4  0-1

[Event "Dubai op"]
[Site "Dubai"]
[Date "1999.05.04"]
[Round "4"]
[White "Mirzoev, Azer"]
[Black "Iuldachev, Saidali"]
[Result "1/2-1/2"]
[WhiteElo "2443"]
[BlackElo "2517"]

1.d4 Nf6 2.Nf3 d6 3.c4 g6 4.Nc3 Bg7 5.e4 O-O 6.Be2 e5 7.dxe5 dxe5 8.Qxd8 Rxd8
9.Bg5 c6 10.Nxe5 Re8 11.O-O-O Na6 12.f4 h6 13.Bh4 g5 14.Bg3 Nc5 15.Rhe1 Nfxe4
16.Nxe4 Nxe4 17.Bh5 Bxe5 18.fxe5 Nxg3 19.hxg3 Be6 20.b3 a5 21.Kb2 a4 22.Bf3 Kg7
23.Kc3 g4 24.Be4 Ra5 25.Bc2 axb3 26.axb3 Bc8 27.Kd4 Ra2 28.Be4 Ra5 29.Bd3 b6
30.Re2 Rc5 31.Rde1  1/2-1/2

[Event "NRW-Liga II 9899"]
[Site "GER"]
[Date "1999.05.06"]
[Round "9"]
[White "Karger, Frank"]
[Black "Kroeger, Fabian"]
[Result "0-1"]
[WhiteElo "2203"]
[BlackElo "2185"]

1.d4 Nf6 2.c4 g6 3.Nf3 Bg7 4.Nc3 d6 5.e4 O-O 6.Be2 e5 7.O-O exd4 8.Nxd4 Re8
9.f3 c6 10.Kh1 Nbd7 11.Nc2 Nb6 12.Bg5 h6 13.Bh4 d5 14.c5 Nbd7 15.exd5 cxd5
16.Bb5 a6 17.Ba4 Re5 18.Bf2 Qe7 19.Bg3 Nxc5 20.Bxe5 Qxe5 21.Bb3 Nxb3 22.axb3 Be6
23.Re1 Qg5 24.Nd4 Nh5 25.Nce2 Rc8 26.Nxe6 fxe6 27.Rc1 Rf8 28.Rc2 Qh4 29.g3 Qb4
30.Ng1 Qd6 31.Rd2 d4 32.Qe2 Rf6 33.f4 Nxf4 34.gxf4 Qxf4 35.Qg2  0-1

[Event "Budapest FS05 IM"]
[Site "Budapest"]
[Date "1999.05.07"]
[Round "7"]
[White "Gladyszev, Oleg"]
[Black "Kjetzae, Johnny"]
[Result "0-1"]
[WhiteElo "2388"]
[BlackElo "2225"]

1.d4 Nf6 2.c4 g6 3.Nc3 Bg7 4.e4 d6 5.Be2 O-O 6.Nf3 e5 7.O-O Na6 8.Be3 Ng4
9.Bg5 Qe8 10.h3 exd4 11.Nxd4 Nf6 12.Bf3 Qe5 13.Be3 Nc5 14.Ndb5 Qe7 15.Bg5 Be6
16.b4 a6 17.bxc5 axb5 18.cxb5 Bc4 19.Nd5 Bxd5 20.exd5 dxc5 21.a4 Qd6 22.Qb3 b6
23.Ra2 Rfe8 24.Rd1 Ne4 25.Bxe4 Rxe4 26.Be3 f5 27.f3 Rb4 28.Qc2 Re8 29.Bf2 Qf4
30.Qd2 Qxd2 31.Rdxd2 Be5 32.Re2 Rb1+ 33.Re1 Rxe1+ 34.Bxe1 Rd8 35.Rd2 Kf7
36.Bf2 c4 37.f4 c3 38.Rc2 Bxf4 39.Rxc3 Rxd5 40.g3 Bd6 41.Kg2 Rd2 42.Kf3 Ra2
43.Rc4 Ra3+ 44.Ke2 Ke6 45.Kf1 Rb3 46.Ke2 g5 47.Be3 Bxg3 48.Bxg5 Kd5 49.Rc1 f4
50.Bd8 f3+ 51.Kf1 Bf4 52.Rd1+ Ke4 53.Re1+ Kf5 54.Kf2 Bd6 55.Rc1 Bc5+ 56.Kg3 f2+
57.Kg2 Ra3 58.Bxc7 Rxa4 59.Bg3 Rb4 60.Rc2 Rxb5 61.Bxf2 Ke4 62.Bh4 Kd3 63.Ra2 Ra5
64.Rb2 Bd4 65.Rb3+ Kc4 66.Rb1 b5 67.Be7 Bc3 68.Kf3 Ra7 69.Bd6 b4 70.Bxb4 Bxb4
71.Rd1 Bc3 72.Kg2 Bd4 73.Rf1 Kd5 74.Rf3 Ke4 75.Rb3 Be5 76.Rb4+ Kf5 77.Rb5 Ra2+
78.Kf1 Ra3 79.Kg2 Rg3+ 80.Kf2 Rxh3 81.Kg2 Rg3+ 82.Kh1 Ra3 83.Rb7 Kg6 84.Rb5 Bf6
85.Kg2 h5 86.Kh2 Re3 87.Kg2 Be5 88.Kf2 Re4 89.Kf3 Kf5 90.Ra5 Rg4 91.Rd5 Rg7
92.Rd1 h4 93.Rh1 Rg3+ 94.Kf2 Bd4+ 95.Ke2 h3 96.Rf1+ Kg4 97.Rd1 Bg1 98.Rd8 h2
99.Rg8+ Kh3  0-1

[Event "Capablanca mem Mixto"]
[Site "Havana"]
[Date "1999.05.07"]
[Round "1"]
[White "Frometa, Zirka"]
[Black "Martinez, Daniel"]
[Result "0-1"]
[WhiteElo "2190"]
[BlackElo "2260"]

1.d4 Nf6 2.Nf3 g6 3.c4 Bg7 4.Nc3 O-O 5.e4 d6 6.Be2 e5 7.dxe5 dxe5 8.Qxd8 Rxd8
9.Bg5 Na6 10.Nd5 Nxd5 11.Bxd8 Nf4 12.Bf1 Bg4 13.Bg5 Nb4 14.O-O-O Nxa2+ 15.Kb1 Nb4
16.Rd2 Ne6 17.h4 Bxf3 18.gxf3 Nc6 19.Rd7 Ncd4 20.Bh3 Nxg5 21.hxg5 Nxf3 22.Rxc7 b6
23.Bc8 a5 24.Bb7 Ra7 25.Kc2 Bf8 26.Rd1 Nxg5 27.Rd8 Ne6 28.Rxf8+ Nxf8 29.Kd2 Kg7
30.Ke3 Ne6 31.Rd7 Nc5  0-1

[Event "Capablanca mem Mixto"]
[Site "Havana"]
[Date "1999.05.07"]
[Round "1"]
[White "Alvarez, Jose"]
[Black "Almeida, Omar"]
[Result "1-0"]
[WhiteElo "2368"]
[BlackElo "2344"]

1.Nf3 Nf6 2.c4 g6 3.Nc3 Bg7 4.e4 d6 5.d4 O-O 6.Be2 e5 7.d5 Na6 8.Nd2 c5 9.h4 h5
10.Nf3 Nc7 11.Ng5 a6 12.a4 Rb8 13.a5 b5 14.axb6 Rxb6 15.Na4 Rb7 16.Ra3 Bd7
17.b3 Qb8 18.Nb2 Bh6 19.Nd3 Re8 20.f3 Kg7 21.O-O Ng8 22.f4 f6 23.fxe5 Bxg5
24.hxg5 fxe5 25.Bb2 Qd8 26.Qd2 Bc8 27.Qf4 Qe7 28.Bc3 Kh8 29.Qh4 Rf8 30.Rxf8 Qxf8
31.Bxh5 gxh5 32.Qxh5+ Nh6 33.Qxh6+ Qxh6 34.gxh6 Kh7 35.b4 cxb4 36.Bxb4 Ne8
37.Rxa6 Rc7 38.Rc6 Rxc6 39.dxc6 Kxh6 40.c5 dxc5 41.Nxc5 Kg5 42.Kf2 Kf6 43.Kf3 Nc7
44.Bc3 Nb5 45.Bb2 Na7 46.Nd7+ Bxd7 47.cxd7 Ke7 48.Kg4 Kxd7 49.Kf5 Ke7 50.g4 Nc6
51.g5 Nd4+ 52.Bxd4 exd4 53.Kf4 Ke6 54.Kf3  1-0

[Event "Capablanca mem Premier I"]
[Site "Havana"]
[Date "1999.05.13"]
[Round "6"]
[White "Podgaets, Mikhail"]
[Black "Szekely, Peter"]
[Result "1-0"]
[WhiteElo "2484"]
[BlackElo "2444"]

1.d4 Nf6 2.c4 g6 3.Nc3 Bg7 4.e4 d6 5.Nf3 O-O 6.Be2 e5 7.O-O exd4 8.Nxd4 c6
9.Kh1 Nbd7 10.f3 a6 11.Bf4 d5 12.exd5 cxd5 13.Bd6 Re8 14.c5 Ne5 15.Na4 Nfd7
16.Rc1 Qf6 17.Nc3 Nc6 18.Nxc6 bxc6 19.Qa4 Bb7 20.Nxd5 Qd8 21.Nf4 g5 22.Bc4 gxf4
23.Qb3 Bc8 24.Bxf7+ Kh8 25.Bxe8 Qxe8 26.Rfe1 Qg6 27.Qa4 Bb7 28.Re7 Qf5 29.Qe4  1-0

[Event "Katrineholm"]
[Site "Katrineholm"]
[Date "1999.05.14"]
[Round "4"]
[White "Lyrberg, Patrik"]
[Black "Cramling, Pia"]
[Result "1-0"]
[WhiteElo "2409"]
[BlackElo "2515"]

1.Nf3 Nf6 2.d4 g6 3.c4 Bg7 4.Nc3 O-O 5.e4 d6 6.Be2 e5 7.d5 Na6 8.Bg5 h6 9.Bh4 c5
10.a3 Qe8 11.Bxf6 Bxf6 12.O-O Bd8 13.Rb1 f5 14.b4 f4 15.Ne1 h5 16.Nd3 b6
17.Kh1 Bd7 18.Rg1 Nc7 19.bxc5 bxc5 20.g4 fxg3 21.Rxg3 Kh7 22.Qd2 Bh4 23.Rg2 Bh3
24.Rgg1 Qf7 25.Qe3 Bd7 26.Rb7 Bc8 27.Rbb1 Bxf2 28.Nxf2 Qxf2 29.Qg5 Qf6 30.Qg2 Ba6
31.Rbf1 Qg7 32.Bxh5 g5 33.Qh3 Rad8 34.Rf7 Rxf7 35.Bxf7+ Qh6 36.Qf5+ Kh8 37.Rxg5 Bc8
38.Be6 Rf8 39.Rh5  1-0

[Event "NOR-chT"]
[Site "Langesund"]
[Date "1999.05.15"]
[Round "6"]
[White "Djurhuus, Rune"]
[Black "Harestad, Hans Krogh"]
[Result "1-0"]
[WhiteElo "2478"]
[BlackElo "2204"]

1.d4 Nf6 2.Nf3 g6 3.c4 Bg7 4.Nc3 O-O 5.e4 d6 6.Be2 e5 7.Be3 Ng4 8.Bg5 f6
9.Bh4 Nd7 10.O-O Nh6 11.dxe5 dxe5 12.b4 c6 13.c5 Qe8 14.Nd2 f5 15.Nc4 Nf7
16.Nd6 Nxd6 17.Qxd6 Bf6 18.Bc4+ Kh8 19.Bxf6+ Rxf6 20.Qc7 b5 21.Bb3 a5 22.a3 a4
23.Ba2 Rb8 24.Rad1 Rb7 25.Qa5 Qe7 26.Rd2 Nf8 27.Qd8 Be6 28.Qxe7 Rxe7 29.Rd6 Rc7
30.f4 Bxa2 31.Rxf6 Nd7 32.Rd6  1-0

[Event "Katrineholm"]
[Site "Katrineholm"]
[Date "1999.05.17"]
[Round "6"]
[White "Lyrberg, Patrik"]
[Black "Fedorov, Alexei"]
[Result "1/2-1/2"]
[WhiteElo "2409"]
[BlackElo "2648"]

1.d4 Nf6 2.c4 g6 3.Nc3 Bg7 4.e4 d6 5.Nf3 O-O 6.Be2 e5 7.d5 a5 8.Bg5 h6 9.Bh4 Na6
10.Nd2 h5 11.h3 Qe8 12.g4 hxg4 13.hxg4 Nh7 14.g5 f6 15.gxf6 Bxf6 16.Nf3 Nc5
17.Qd2 Bg4 18.Bxf6 Bxf3 19.Rxh7 Kxh7 20.Qg5 Qf7 21.Qh4+ Bh5 22.Bg5 Kg7 23.f3 Rh8
24.Qg3 Raf8 25.Kd2 Qd7 26.Rh1 Na4 27.Nd1 c6 28.b3 Nc5 29.Be3 Na6 30.Rg1 cxd5
31.cxd5 b5 32.f4 exf4 33.Bd4+ Kh7 34.Qg5 Nc5 35.Bxc5 f3 36.Bd3 dxc5 37.e5 Rf5
38.Bxf5 Qxf5 39.Qxf5 gxf5 40.Ke3 a4 41.d6 Re8 42.Kf4 Bf7 43.Ne3 f2 44.Rc1 axb3
45.axb3 Rg8 46.Rh1+ Kg6 47.Rh2 Be6 48.Rxf2 Rh8 49.Rg2+ Kf7 50.Nxf5 Rh5 51.Rg7+ Kf8
52.Rg5 Rh1 53.Ng7 Rf1+ 54.Ke4 Re1+ 55.Kf4 Rf1+  1/2-1/2

[Event "Capablanca mem Premier I"]
[Site "Havana"]
[Date "1999.05.18"]
[Round "10"]
[White "Franco Ocampos, F."]
[Black "Szekely, Peter"]
[Result "1/2-1/2"]
[WhiteElo "2463"]
[BlackElo "2444"]

1.d4 Nf6 2.c4 g6 3.Nc3 Bg7 4.e4 d6 5.Be2 O-O 6.Nf3 e5 7.d5 a5 8.Bg5 h6 9.Bh4 Na6
10.Nd2 Bd7 11.O-O c6 12.Rb1  1/2-1/2

[Event "Zalakaros Kupa 18th"]
[Site "Zalakaros"]
[Date "1999.05.18"]
[Round "7"]
[White "Horvath, Gyula"]
[Black "Toth, Andras"]
[Result "1/2-1/2"]
[WhiteElo "2466"]
[BlackElo "2301"]

1.d4 Nf6 2.c4 g6 3.Nc3 Bg7 4.e4 d6 5.Be2 O-O 6.Nf3 e5 7.Be3 Ng4 8.Bg5 f6
9.Bh4 g5 10.Bg3 Nh6 11.dxe5 dxe5 12.Qxd8 Rxd8 13.Nd2 c6 14.O-O-O Na6 15.Nb3 Rxd1+
16.Rxd1 Nf7 17.f3 Bf8 18.Bf2 Nc7 19.Kc2 Ne6 20.c5 Rb8 21.Na4 Be7 22.Na5 Kf8
23.g3 Ke8 24.a3 Bd8 25.Nc4 Bc7 26.b4 Nh8 27.Kc3 Ng6 28.Rd2 Ngf8 29.Be3 Nd7
30.Bd1 Ke7 31.Nd6 b5 32.Nb2 Bxd6 33.Rxd6 Bb7 34.Bb3 Ndf8 35.Nd3 Rd8 36.Rxd8 Kxd8
37.f4 gxf4 38.gxf4 exf4 39.Nxf4 Bc8 40.Nh5 Ke7 41.Ng3 Ng6 42.Nf5+ Kd8 43.Bxe6 Bxe6
44.Bd4 Ne5 45.Bxe5 fxe5 46.Ng3 Ke7 47.Kd3 Kf6 48.h4 Bg4 49.Ke3 Kg6 50.Kf2 h5
51.Ke3 Kf6 52.Nh1 Bd7 53.Nf2 Be6  1/2-1/2

[Event "Zalakaros Kupa 18th"]
[Site "Zalakaros"]
[Date "1999.05.18"]
[Round "7"]
[White "Wukits, Rene"]
[Black "Meszaros, Tamas"]
[Result "0-1"]
[WhiteElo "2230"]
[BlackElo "2135"]

1.d4 Nf6 2.c4 g6 3.Nc3 Bg7 4.e4 d6 5.Be2 O-O 6.Nf3 e5 7.d5 a5 8.O-O Na6 9.Qc2 h6
10.Ne1 Ne8 11.Be3 f5 12.exf5 Bxf5 13.Qd2 g5 14.Bd3 Bd7 15.Ne4 Nf6 16.f3 b6
17.Ng3 Qc8 18.Rd1 Ne8 19.Bb1 Nf6 20.Nd3 Rf7 21.Nf2 Bf8 22.h3 Nh7 23.Ng4 Kh8
24.Qc2 Qe8 25.Rde1 Nb4 26.Qe4 h5 27.a3 Na6 28.f4 gxf4 29.Rxf4 hxg4 30.Qg6 Rg7
31.Qh5 exf4 32.Bg6 Qxg6  0-1

[Event "Capablanca mem Premier I"]
[Site "Havana"]
[Date "1999.05.19"]
[Round "11"]
[White "Pecorelli Garcia, Humberto"]
[Black "Podgaets, Mikhail"]
[Result "1-0"]
[WhiteElo "2430"]
[BlackElo "2484"]

1.c4 Nf6 2.Nc3 g6 3.e4 d6 4.d4 Bg7 5.Nf3 O-O 6.Be2 Nbd7 7.O-O e5 8.Be3 Ng4
9.Bg5 f6 10.Bd2 Nh6 11.Qc2 c6 12.Rad1 Qe7 13.Bc1 Nf7 14.b3 Re8 15.Rfe1 exd4
16.Nxd4 a5 17.Bf1 Nc5 18.f3 f5 19.Re2 Bd7 20.exf5 Qh4 21.Rxe8+ Rxe8 22.Qf2 Qxf2+
23.Kxf2 Ne5 24.Na4 gxf5 25.Be3 Nxa4 26.bxa4 Ng6 27.f4 Bf8 28.g3 Kf7 29.Rb1 Bc8
30.Nb3 d5 31.cxd5 Ne7 32.Nxa5 Nxd5 33.Bc4 Kg6 34.Bxd5 cxd5 35.Nxb7 Re4 36.Bc5 Bxc5+
37.Nxc5 Rc4 38.Nd3 Rc2+ 39.Ke3 Rxa2 40.Rb8 Ba6 41.Rb6+  1-0

[Event "Tel Aviv super 1st"]
[Site "Tel Aviv "]
[Date "1999.05.19"]
[Round "9"]
[White "Zilberman, Yaacov"]
[Black "Sutovskij, Emil"]
[Result "1/2-1/2"]
[WhiteElo "2513"]
[BlackElo "2612"]

1.d4 Nf6 2.c4 g6 3.Nc3 Bg7 4.e4 d6 5.Be2 O-O 6.Nf3 Na6 7.O-O e5 8.d5 Nc5
9.Qc2 a5 10.Bg5 h6 11.Be3 b6 12.Nd2 Ng4 13.Bxg4 Bxg4 14.a3 Na6 15.Rab1 f5
16.f3 Bh5 17.b4 f4 18.Bf2 axb4 19.axb4 g5 20.c5 bxc5 21.bxc5 g4 22.cxd6 g3
23.hxg3 fxg3 24.Bxg3 cxd6 25.Nc4 Rc8 26.Nb5 Qg5 27.Kh2 Rf6 28.Qc1 Qg6 29.Nxe5 Rxc1
30.Nxg6 Rxf1 31.Rxf1 Bxg6 32.Nxd6 Rf8 33.f4 Nc5 34.f5 Nxe4 35.Nxe4 Rxf5 36.Rxf5 Bxf5
37.Nd2 Bc3 38.Nf3 Be4 39.d6 Kf7 40.Bf4 Ke6 41.Kg3 Bb4 42.Kg4 Bxd6 43.Bxd6 Kxd6
44.Kh5 Bxf3+ 45.gxf3 Ke5 46.Kxh6 Kf4 47.Kg7  1/2-1/2

[Event "Capablanca mem Mixto"]
[Site "Havana"]
[Date "1999.05.20"]
[Round "12"]
[White "Frometa, Zirka"]
[Black "Fierro Baquero, Martha Lorena"]
[Result "1-0"]
[WhiteElo "2190"]
[BlackElo "2252"]

1.d4 g6 2.Nf3 Bg7 3.c4 d6 4.Nc3 Nf6 5.e4 O-O 6.Be2 e5 7.d5 a5 8.h3 Na6 9.Be3 Nc5
10.Nd2 Bd7 11.Qc2 Ne8 12.g4 f5 13.gxf5 gxf5 14.O-O-O f4 15.Bxc5 dxc5 16.Bg4 Nd6
17.Rdg1 Kh8 18.Rh2 Bf6 19.a4 Rg8 20.Rhg2 Qe7 21.Qd1 Rg7 22.Bxd7 Rxg2 23.Rxg2 Qxd7
24.Qh5 Rg8 25.Rxg8+ Kxg8 26.Nb5 Ne8 27.Nf3 c6 28.Nc3 Ng7 29.Qh6 Qf7 30.Ng5 Qg6
31.Qxg6 hxg6 32.Nf3 Ne8 33.Kc2 Kg7 34.Ne2 Nd6 35.dxc6 bxc6 36.Kd3 Ne8 37.Nc1 Nd6
38.Nb3 Nb7 39.Kc3 Kh6 40.Nc1 Nd6 41.Nd2 Kh5 42.Nd3 Kh4 43.Nxc5 Kxh3 44.Nd3 g5
45.f3 Kg3 46.b4 axb4+ 47.Kxb4 g4 48.fxg4 f3 49.Kc5 Be7 50.Kxc6 f2 51.Nxf2 Kxf2
52.Kd7 Bf8 53.c5 Nb7 54.c6 Nc5+ 55.Ke8 Bd6 56.g5 Bb8 57.g6 Ne6 58.Ke7 Ng7
59.a5 Ke3 60.a6  1-0

[Event "Capablanca mem Mixto"]
[Site "Havana"]
[Date "1999.05.20"]
[Round "12"]
[White "Alvarez, Jose"]
[Black "Martinez, Daniel"]
[Result "1-0"]
[WhiteElo "2368"]
[BlackElo "2260"]

1.d4 Nf6 2.c4 g6 3.Nc3 Bg7 4.e4 d6 5.Nf3 O-O 6.Be2 e5 7.d5 a5 8.Bg5 h6 9.Bh4 Na6
10.Nd2 h5 11.Bg5 Qe8 12.O-O Nh7 13.Be3 Bd7 14.Kh1 Qe7 15.a3 f5 16.exf5 gxf5
17.f4 h4 18.Nf3 Rae8 19.Qc2 h3 20.gxh3 Nf6 21.Rg1 exf4 22.Bxf4 Nc5 23.Rg2 Kh7
24.Rag1 Rg8 25.Ng5+ Kh8 26.Bf3 Nh7 27.Bh5 Nxg5 28.Bxg5 Qe5 29.Bxe8 Rxe8 30.Qf2 Qd4
31.Qf3  1-0

[Event "Capablanca mem Elite"]
[Site "Havana"]
[Date "1999.05.22"]
[Round "13"]
[White "Atalik, Suat"]
[Black "De la Paz, Frank"]
[Result "1/2-1/2"]
[WhiteElo "2593"]
[BlackElo "2495"]

1.d4 Nf6 2.c4 g6 3.Nc3 Bg7 4.e4 d6 5.Nf3 O-O 6.Be2 e5 7.O-O c6 8.Rb1 exd4
9.Nxd4 Re8 10.f3 d5 11.exd5 cxd5 12.Kh1 Nc6 13.Nxc6 bxc6 14.cxd5 Nxd5 15.Bd2 Bf5
16.Rc1 Nb4 17.a3 Nd3 18.Bxd3 Bxd3 19.Re1 Qh4 20.Qa4 Qf2 21.Qd1 Rad8 22.Bg5 Rb8
23.Rxe8+ Rxe8 24.Qd2 Qxd2 25.Bxd2 c5 26.Re1 Rxe1+ 27.Bxe1 Bd4 28.b4 cxb4
29.axb4 Kf8 30.Nd5 Bc4 31.Bc3  1/2-1/2

[Event "Ostrava zt (Women)"]
[Site "Ostrava"]
[Date "1999.05.25"]
[Round "4"]
[White "Bobrowska, Monika"]
[Black "Voiska, Margarita"]
[Result "1-0"]
[WhiteElo "2440"]
[BlackElo "2364"]

1.d4 Nf6 2.Nf3 g6 3.c4 Bg7 4.Nc3 d6 5.e4 O-O 6.Be2 e5 7.d5 h6 8.O-O Nh7 9.Ne1 f5
10.exf5 gxf5 11.f4 Nf6 12.fxe5 dxe5 13.Nd3 Nh7 14.Be3 Nd7 15.c5 Ng5 16.c6 bxc6
17.dxc6 Nb6 18.Bc5 Rf7 19.Bh5 Ba6 20.h4 Qxd3 21.hxg5 Qxf1+ 22.Qxf1 Bxf1 23.Bxf7+ Kxf7
24.Rxf1 Ke6 25.gxh6 Bxh6 26.Rd1 Bf8 27.b4 e4 28.Bxf8 Rxf8 29.a4 Rf7 30.Rd4 Ke5
31.Rd8 a6 32.a5 Nc4 33.Rd7 Rf6 34.Rxc7 Kd4 35.Ne2+ Ke3 36.Ng3 f4 37.Nf1+ Ke2
38.Re7 f3 39.Rxe4+ Kd3 40.gxf3 Rxc6 41.Kf2 Rf6 42.Re7 Kc3 43.Ne3 Nxe3 44.Kxe3 Kxb4
45.Re5  1-0

[Event "Ostrava zt (Women)"]
[Site "Ostrava"]
[Date "1999.05.27"]
[Round "6"]
[White "Genova, Ruzka"]
[Black "Voiska, Margarita"]
[Result "0-1"]
[WhiteElo "2238"]
[BlackElo "2364"]

1.d4 Nf6 2.Nf3 g6 3.c4 Bg7 4.Nc3 d6 5.e4 O-O 6.Be2 e5 7.O-O Nbd7 8.Be3 c6
9.d5 c5 10.Ne1 Ne8 11.Nd3 f5 12.f4 Qe7 13.exf5 gxf5 14.fxe5 dxe5 15.Nxc5 Nxc5
16.d6 Qh4 17.Bxc5 Nf6 18.Bf2 Qg5 19.Nd5 Bd7 20.Ne7+ Kh8 21.c5 Ne4 22.Qd5 Rab8
23.Rad1 Bf6 24.c6 Bxc6 25.Nxc6 bxc6 26.Qxc6 Rxb2 27.Bc4 Nd2 28.d7 Nxf1 29.Bxf1 Rd2
30.h4 Qf4 31.Rxd2 Qxd2 32.Bc5 Bxh4 33.Qc8 Rd8 34.Bxa7 Qxd7 35.Qxd7 Rxd7 36.Bb8 Bg3
37.a4 Rb7 38.Bd6 Rb6 39.Bc7 Rc6 40.Bb8 Rc8 41.Bd6 Kg7 42.a5 Kf6 43.a6 Rc2
44.Bd3 Rd2  0-1

[Event "Rhein Main op"]
[Site "Frankfurt"]
[Date "1999.06.03"]
[Round "3"]
[White "Roediger, Thomas"]
[Black "Brendel, Oliver"]
[Result "0-1"]
[WhiteElo "2090"]
[BlackElo "2404"]

1.d4 Nf6 2.c4 g6 3.Nc3 Bg7 4.e4 d6 5.Nf3 O-O 6.Be2 e5 7.O-O exd4 8.Nxd4 Re8
9.f3 c6 10.Kh1 Nh5 11.f4 Na6 12.Bxh5 gxh5 13.Nf5 Bxf5 14.exf5 Qh4 15.Bd2 Qg4
16.Qc2 Nb4 17.Qb1 h4 18.h3 Qh5 19.f6 Bf8 20.Ne4 d5 21.cxd5 Nxd5 22.f5 Re5
23.Rf3 Rae8 24.g4 hxg3 25.Rxg3+ Kh8 26.Qg1 Bb4 27.Bxb4 Rxe4 28.Bc3 Rh4 29.Qh2 Nf4
30.Re1 Rxe1+ 31.Bxe1 Rxh3 32.Rxh3 Qxh3 33.Qxh3 Nxh3 34.Bd2 Nf2+ 35.Kg2 Ne4
36.Be3 b6 37.Kf3 Nd6 38.Kf4 h5 39.Kg5 Kg8 40.Bf4 Ne4+ 41.Kxh5 Nxf6+ 42.Kg5 Ne4+
43.Kg4 f6 44.Bb8 a6 45.Kf4 Nc5 46.Ke3 Kg7 47.Bf4 Na4 48.b3 Nc3 49.Kd3 Nd5
50.Bd2 Kf7 51.Kd4 Ke7 52.a4 Kd6 53.Bh6 c5+ 54.Kc4 Kc6 55.Kd3 Nc7 56.Bf4 Ne8
57.Bd2 Kd7 58.Ke4 Nd6+ 59.Kf4 b5 60.axb5 axb5 61.Bc3 Ke7 62.Be1 b4 63.Bd2 c4
64.Bxb4 cxb3 65.Ba3 Kf7  0-1

[Event "Rhein Main op"]
[Site "Frankfurt"]
[Date "1999.06.05"]
[Round "5"]
[White "Hirn, Oskar"]
[Black "Brendel, Oliver"]
[Result "0-1"]
[WhiteElo "2243"]
[BlackElo "2404"]

1.d4 Nf6 2.Nf3 g6 3.c4 Bg7 4.Nc3 O-O 5.e4 d6 6.Be2 e5 7.dxe5 dxe5 8.Qxd8 Rxd8
9.Bg5 c6 10.Rd1 Rxd1+ 11.Kxd1 Nbd7 12.h3 Nc5 13.Nd2 Ne6 14.Be3 Nd4 15.Nb3 Be6
16.Nd2 Rd8 17.Kc1 a6 18.Re1 b5 19.Bf1 Nd7 20.Bxd4 exd4 21.Nd5 bxc4 22.Nc7 c3
23.bxc3 dxc3 24.Nb3 Bxb3 25.axb3 Nc5 26.e5 Rd2 27.Bc4 Bh6  0-1

[Event "Prague Sachinfo playoff 6'-5'"]
[Site "Prague"]
[Date "1999.06.05"]
[Round "5"]
[White "Ftacnik, Lubomir"]
[Black "Movsesian, Sergei"]
[Result "1/2-1/2"]
[WhiteElo "2585"]
[BlackElo "2650"]

1.d4 Nf6 2.c4 g6 3.Nc3 Bg7 4.e4 d6 5.Nf3 O-O 6.Be2 e5 7.O-O Nbd7 8.Qc2 c6
9.Rd1 Qe7 10.d5 c5 11.Rb1 Ne8 12.b4 b6 13.g3 f5 14.Ng5 Ndf6 15.bxc5 bxc5
16.Ne6 Bxe6 17.dxe6 Qxe6 18.Rb7 f4 19.gxf4 exf4 20.Bxf4 Nxe4 21.Qxe4 Qxe4
22.Nxe4 Rxf4 23.f3 Bd4+ 24.Kg2 Ng7 25.Nxd6 Nf5 26.Nxf5 Rxf5 27.Rdb1 Re8 28.Rb8 Rxb8
29.Rxb8+ Rf8 30.Rxf8+ Kxf8  1/2-1/2

[Event "Salongernas IM"]
[Site "Stockholm"]
[Date "1999.06.08"]
[Round "4"]
[White "Dzevlan, Miralem"]
[Black "Lyrberg, Patrik"]
[Result "0-1"]
[WhiteElo "2435"]
[BlackElo "2409"]

1.d4 Nf6 2.c4 g6 3.Nc3 Bg7 4.e4 d6 5.Nf3 O-O 6.Be2 e5 7.Be3 Na6 8.O-O Ng4
9.Bg5 Qe8 10.c5 exd4 11.Nxd4 dxc5 12.Nb3 c4 13.Bxc4 Nc5 14.Nd2 c6 15.h3 Ne5
16.Be3 Nxe4 17.Ndxe4 Nxc4 18.Bc5 b6 19.Bxf8 Qxf8 20.b3 Ne5 21.f4 Nd7 22.f5 Bxc3
23.Nxc3 Qc5+ 24.Kh1 Qxc3 25.Rc1 Qb4 26.fxg6 hxg6 27.Rxc6 Ne5 28.Rc7 Be6 29.Qe2 Qd6
30.Rfc1 Rd8 31.Rxa7 Nd3 32.Rf1 b5 33.Qe3 b4 34.Kg1 Rc8 35.Rd1 Bf5 36.g4 Be4
37.Rf1 Rc2 38.Ra8+ Kg7  0-1

[Event "Beersheba-Peterburg Kings m"]
[Site "St Petersburg"]
[Date "1999.06.09"]
[Round "5"]
[White "Huzman, Alexander"]
[Black "Lugovoi, Aleksei"]
[Result "1-0"]
[WhiteElo "2575"]
[BlackElo "2510"]

1.d4 Nf6 2.Nf3 g6 3.c4 Bg7 4.Nc3 O-O 5.e4 d6 6.Be2 e5 7.Be3 Ng4 8.Bg5 f6
9.Bh4 Nc6 10.d5 Ne7 11.Nd2 Nh6 12.f3 Nf7 13.b4 f5 14.c5 Kh8 15.Nc4 g5 16.Bf2 Ng6
17.h3 Nf4 18.g3 Nxe2 19.Qxe2 g4 20.fxg4 fxg4 21.h4 c6 22.O-O cxd5 23.Nxd5 Be6
24.Rfd1 Rc8 25.a4 dxc5 26.Bxc5 Rxc5 27.bxc5 Qc8 28.Rac1 Qxc5+ 29.Qe3 Qxe3+
30.Ndxe3 Bh6 31.Rd3 Rc8 32.Rcc3 Rc6 33.Nd5 Bf8 34.Na5 Rxc3 35.Nxc3 Bc5+ 36.Kg2 Nd6
37.Nb5 Nxe4 38.Nxb7 Bc4 39.Nxc5 Nxc5 40.Rd8+ Kg7 41.Nc3 Ba6 42.Kf2 Bb7 43.Ke3 Kf7
44.a5 a6 45.Na4 Nxa4 46.Rd7+  1-0

[Event "Salongernas IM"]
[Site "Stockholm"]
[Date "1999.06.09"]
[Round "5"]
[White "Lyrberg, Patrik"]
[Black "Sandstrom, Ludvig"]
[Result "1/2-1/2"]
[WhiteElo "2409"]
[BlackElo "2356"]

1.d4 Nf6 2.c4 g6 3.Nc3 Bg7 4.e4 d6 5.Nf3 O-O 6.Be2 e5 7.d5 Na6 8.Bd2 Nc5
9.Qb1 a5 10.O-O Nh5 11.Bd1 Bd7 12.Kh1 Nf4 13.Ng1 c6 14.Nge2 Qh4 15.Ng1 Qd8
16.Nge2 Qh4 17.Ng1 Qd8  1/2-1/2

[Event "Voronezh op 3rd"]
[Site "Voronezh"]
[Date "1999.06.13"]
[Round "2"]
[White "Gulkov, Igor A"]
[Black "Dyachkov, Sergej"]
[Result "0-1"]
[WhiteElo "2330"]
[BlackElo "2485"]

1.Nf3 d6 2.d4 Nf6 3.c4 g6 4.Nc3 Bg7 5.e4 O-O 6.Be2 e5 7.Be3 Ng4 8.Bg5 f6
9.Bh4 g5 10.Bg3 Nh6 11.dxe5 dxe5 12.h4 g4 13.Nh2 Nc6 14.Qxd8 Rxd8 15.Nd5 Nd4
16.Rc1 f5 17.exf5 Nhxf5 18.Bxg4 c6 19.Ne3 Nxg3 20.fxg3 Bh6 21.Rc3 Bxe3 22.Rxe3 Nc2+
23.Ke2 Nxe3 24.Kxe3 Rd4 25.Be2 Bf5 26.Nf3 Rd7 27.Rd1 Rg7 28.Ng5 h6 29.Ne4 Bxe4
30.Kxe4 Rxg3 31.Bf3 Re8 32.Rd6 Kh7 33.b4 Re7 34.c5 Rg8 35.a4 Rf8 36.Ke3 Kg7
37.b5 Rf6 38.bxc6 bxc6 39.Bxc6 Rxd6 40.cxd6 Re6 41.d7 Rd6 42.a5 Kf6 43.Bb5 Rd4
44.g4 Ke7 45.g5 h5 46.Be2 Rxh4 47.g6 Rd4 48.Bxh5 Kf6  0-1

[Event "White Nights"]
[Site "St Petersburg"]
[Date "1999.06.26"]
[Round "1"]
[White "Biriukov, Oleg V"]
[Black "Lukin, Andrei M"]
[Result "1/2-1/2"]
[WhiteElo "2407"]
[BlackElo "2440"]

1.d4 d6 2.Nf3 g6 3.c4 Bg7 4.Nc3 Nd7 5.e4 e5 6.Be2 Ngf6 7.O-O O-O 8.Qc2 c6
9.Rd1 Qc7 10.Rb1 a5 11.b3 Re8 12.a3 Nf8 13.dxe5 dxe5 14.h3 Ne6 15.Be3 Nf4
16.Bf1 Be6 17.Na4 Nd7 18.c5 Rad8 19.Nd2 Nf8 20.Nb6 h5 21.Kh2 g5 22.Ndc4 g4
23.Nd6 gxh3 24.g3 Ng2 25.Bxg2 hxg2 26.Nxe8 Rxe8 27.Kxg2 h4 28.Nc4 Bxc4 29.Qxc4 hxg3
30.fxg3 Ne6 31.Rf1 Qd7 32.Rf2 Re7 33.Rbf1 Qe8 34.Qc3 Nd4 35.Qc4 Ne6 36.Rh1 Rd7
37.Rd2 Nd4 38.Rf1 Re7 39.Rdf2 Ne6  1/2-1/2